National Bureau of Economic Research publications, 1921-1963 (Record no. 480751)

000 -LEADER
fixed length control field 00405cam a22001097a 4500
008 - FIXED-LENGTH DATA ELEMENTS--GENERAL INFORMATION
fixed length control field 180718b1963 xxu||||| |||| 00| 0 eng d
082 ## - DEWEY DECIMAL CLASSIFICATION NUMBER
Classification number A2:T1084 N213/1963
245 ## - TITLE STATEMENT
Title National Bureau of Economic Research publications, 1921-1963
Statement of responsibility, etc. by National Bureau of Economic Research
260 ## - PUBLICATION, DISTRIBUTION, ETC.
Place of publication, distribution, etc. New York
Name of publisher, distributor, etc. National Bureau of Economic Research
Date of publication, distribution, etc. 1963
300 ## - PHYSICAL DESCRIPTION
Extent 98p.
700 ## - ADDED ENTRY--PERSONAL NAME
Personal name National Bureau of Economic Research
Holdings
Withdrawn status Lost status Damaged status Not for loan Permanent Location Current Location Date acquired Full call number Barcode Date last seen Price effective from Koha item type
        Indian Institute of Public Administration Indian Institute of Public Administration 2018-08-04 A2:T1084 N213/1963 GR7299 2018-08-04 2018-08-04 GR

Powered by Koha